000 00874nam a2200277 a 4500
001 BRL_380
005 20190320210719.0
008 050813s1961----mx-a######---#000-0#spa-#
041 _aspa
044 _amx
050 4 _aF1219
_b.I58 5 1961
100 1 _aMartínez Marin, Carlos
_9784
245 1 0 _aCódice Laud
_cintroducción, selección y notas por Carlos Martínez Marin.
260 _aMéxico
_bINAH
_c1961
300 _a83 p.
_bil.
_c28 cm.
440 0 _aInvestigaciones
_v5
_923715
500 _aAu350
500 _aBibliografía: p. 11
650 1 4 _aIndígenas de México
_xHistoria
_922707
650 1 4 _aIndígenas de México
_xLenguas
_xEscritura
_923716
650 1 4 _aCódice Laud
_923717
650 1 4 _aManuscritos mexicanos
_xFacsímiles
_95310
710 2 _aInstituto Nacional de Antropología e Historia (México)
_923718
902 _aGRL
942 _2lcc
_cB
999 _c9193
_d9193